Research in educational settings / (Record no. 72737)

MARC details
000 -LEADER
fixed length control field 01317pam a2200361 i 4500
001 - CONTROL NUMBER
control field 1558593
003 - CONTROL NUMBER IDENTIFIER
control field URS
005 - DATE AND TIME OF LATEST TRANSACTION
control field 20251001091329.0
008 - FIXED-LENGTH DATA ELEMENTS--GENERAL INFORMATION
fixed length control field 920303s1992 cau b 001 0 eng
010 ## - LIBRARY OF CONGRESS CONTROL NUMBER
LC control number 92005524
020 ## - INTERNATIONAL STANDARD BOOK NUMBER
International Standard Book Number 0803942087
040 ## - CATALOGING SOURCE
Original cataloging agency DLC
Description conventions rda
Transcribing agency DLC
Modifying agency DLC
Language of cataloging eng
043 ## - GEOGRAPHIC AREA CODE
Geographic area code n-us---
050 00 - LIBRARY OF CONGRESS CALL NUMBER
Classification number LB1028.25.U6
Item number .M37 1992
100 1# - MAIN ENTRY--PERSONAL NAME
Personal name Maruyama, Geoffrey.
Relator term author
245 10 - TITLE STATEMENT
Title Research in educational settings /
Statement of responsibility, etc. Geoffrey Maruyama, Stanley Deno.
264 #1 - PRODUCTION, PUBLICATION, DISTRIBUTION, MANUFACTURE, AND COPYRIGHT NOTICE
Place of production, publication, distribution, manufacture Newbury Park, Calif. :
Name of producer, publisher, distributor, manufacturer Sage Publications,
Date of production, publication, distribution, manufacture, or copyright notice [1992]
264 #4 - PRODUCTION, PUBLICATION, DISTRIBUTION, MANUFACTURE, AND COPYRIGHT NOTICE
Date of production, publication, distribution, manufacture, or copyright notice ©1992
300 ## - PHYSICAL DESCRIPTION
Extent xii, 129 pages ;
Dimensions 23 cm.
336 ## - CONTENT TYPE
Content type term text
Content type code txt
Source rdacontent
337 ## - MEDIA TYPE
Media type term unmediated
Media type code n
Source rdamedia
338 ## - CARRIER TYPE
Carrier type term volume
Carrier type code nc
Source rdacarrier
440 #0 - SERIES STATEMENT/ADDED ENTRY--TITLE
Title Applied social research methods series ;
Volume/sequential designation v. 29
504 ## - BIBLIOGRAPHY, ETC. NOTE
Bibliography, etc. note Includes bibliographical references (pages 122-124) and indexes.
650 #0 - SUBJECT ADDED ENTRY--TOPICAL TERM
Topical term or geographic name entry element Education
General subdivision Research
Geographic subdivision United States.
650 #0 - SUBJECT ADDED ENTRY--TOPICAL TERM
Topical term or geographic name entry element Education
General subdivision Research
Geographic subdivision United States
General subdivision Methodology.
700 1# - ADDED ENTRY--PERSONAL NAME
Personal name Deno, Stanley L.
Relator term author
856 42 - ELECTRONIC LOCATION AND ACCESS
Materials specified Publisher description
Uniform Resource Identifier <a href="http://www.loc.gov/catdir/enhancements/fy0655/92005524-d.html">http://www.loc.gov/catdir/enhancements/fy0655/92005524-d.html</a>
856 41 - ELECTRONIC LOCATION AND ACCESS
Materials specified Table of contents only
Uniform Resource Identifier <a href="http://www.loc.gov/catdir/enhancements/fy0655/92005524-t.html">http://www.loc.gov/catdir/enhancements/fy0655/92005524-t.html</a>
906 ## - LOCAL DATA ELEMENT F, LDF (RLIN)
a 7
b cbc
c orignew
d 1
e ocip
f 19
g y-gencatlg
942 ## - ADDED ENTRY ELEMENTS (KOHA)
Source of classification or shelving scheme Library of Congress Classification
Koha item type Foreign Books
Holdings
Withdrawn status Source of classification or shelving scheme Damaged status Not for loan Collection code Home library Current library Shelving location Date acquired Total Checkouts Full call number Barcode Date last seen Price effective from Koha item type
  Library of Congress Classification     Non-fiction Tanay College Library Tanay College Library General Stacks 05/30/2017   LB1028.25.U6 .M37 1992 URSTAN-13388 07/24/2017 05/30/2017 Foreign Books
  Library of Congress Classification     Non-fiction Tanay College Library Tanay College Library Reserve Section 05/30/2017   LB1028.25.U6 .M37 1992 URSTAN-N3666 07/24/2017 05/30/2017 Foreign Books

University of Rizal System
Email us at univlibservices@urs.edu.ph

Visit our Website www.urs.edu.ph/library